| 000 | 01052nam a2200289Ia 4500 | ||
|---|---|---|---|
| 003 | OSt | ||
| 005 | 20221005110601.0 | ||
| 006 | a|||||r|||| 00| 0 | ||
| 007 | ta | ||
| 008 | 221004b |||||||| |||| 00| 0 hin d | ||
| 020 |
_a9788126340828 (pbk) _cINR 110.00 |
||
| 024 | _a37478 | ||
| 037 |
_bBW/1693, 15/03/2018, Bookwell _cTextual |
||
| 040 |
_aCRL _cCRL _bhin |
||
| 041 |
_2hin _ahin |
||
| 082 | _aO152,1N11x, Q2 | ||
| 100 | _aअज्ञेय, संपा. | ||
| 245 | 0 | _aदूसरा सप्तक | |
| 246 | _aDūsarā saptaka | ||
| 260 |
_aनई दिल्ली _bभारतीय ज्ञानपीठ भारत _c2012 |
||
| 300 |
_a176पृ0 _ccm. |
||
| 490 | _aलोकोदय ग्रन्थमाला; ग्रन्थांक 281 | ||
| 650 | _a हिन्दी साहित्य | ||
| 650 | _aहिन्दी कविता | ||
| 942 |
_hO152,1N11x, Q2 _cTEXL _2cc |
||
| 999 |
_c1019282 _d1019282 |
||